000 00365nam a2200145Ia 4500
008 191201s2010 xx 000 0 und d
082 _a621.3825
_bAGS
100 _aAGARWAL, D.C
245 0 _aSatellite Communications Covering Latest
250 _aRep
260 _aN. Delhi
_bKhanna Publisher
_c2010
300 _a1024
650 _aM.Tech (ECE)
942 _2ddc
_cBK
999 _c5008
_d5008